000
00253nam a22001217a 4500
008
181205b xxu||||| |||| 00| 0 eng d
041
_a
eng
080
_a
616
100
_a
8
101
_a
PAT
245
_a
Basic Pathology
_c
Angell.R
942
_2
udc
_c
BK
999
_c
52862
_d
52862